00000000nam 2200000zi 4500
0019.947516
003CaOODSP
00520250131153312
006m     o  d f      
007cr bn|||||||||
008250129e198106  onco    ob   f000 0 eng d
040 |aCaOODSP|beng|erda|cCaOODSP
043 |an-cn---
0861 |aDR52-19/20-1981E-PDF
1001 |aHynes, A. G., |eauthor.
24510|aPerformance characteristics of a one-man molecular sieve oxygen concentrator / |cA.G. Hynes.
264 1|aDownsview, Ontario : |bDefence and Civil Institute of Environmental Medicine : |bDepartment of National Defence - Canada, |cJune 1981.
300 |a1 online resource (v, 16 pages) : |bphotographs.
336 |atext|btxt|2rdacontent
337 |acomputer|bc|2rdamedia
338 |aonline resource|bcr|2rdacarrier
4901 |aDCIEM report ; |vno. 81-R-25
500 |aDigitized edition from print [produced by Defence R&D Canada].
504 |aIncludes bibliographical references (page 5).
650 0|aMolecular sieves.
650 0|aAirplanes|zCanada|xOxygen equipment|xEvaluation.
650 6|aTamis moléculaires.
650 6|aAvions|zCanada|xÉquipement d'oxygène|xÉvaluation.
7102 |aDefence and Civil Institute of Environmental Medicine (Canada), |eissuing body.
7101 |aCanada. |bDepartment of National Defence, |eissuing body.
830#0|aDCIEM report ;|vno. 81-R-25.|w(CaOODSP)9.941842
85640|qPDF|s2.98 MB|uhttps://publications.gc.ca/collections/collection_2025/rddc-drdc/DR52-19-20-1981-eng.pdf